MARC

LEADER 00000nam0a2200000 4500
001 339265
005 20231102005128.0
035 |a (RuTPU)RU\TPU\book\365776 
090 |a 339265 
100 |a 20171215d1963 km y0rusy50 ca 
101 0 |a rus 
102 |a UA 
105 |a a z 001zy 
200 1 |a Эксплуатация магистральных газопроводов  |e из опыта работы газопровода Дашава-Киев  |f под ред. В. С. Черновола 
210 |a Киев  |c Государственное издательство технической литературы УССР  |d 1963 
215 |a 163 с.  |c ил. 
320 |a Библиогр.: с. 161 
606 1 |a Газопроводы магистральные  |x Эксплуатация  |2 stltpush  |3 (RuTPU)RU\TPU\subj\73828  |9 86585 
610 1 |a опыт работы 
610 1 |a линейная часть 
610 1 |a очистка 
610 1 |a осушение 
610 1 |a компрессорные станции 
610 1 |a автоматизация 
610 1 |a защита от коррозии 
610 1 |a газораспределительные станции 
610 1 |a телемеханизация 
675 |a 622.691.4.004  |v 4 
702 1 |a Черновол  |b В. С.  |4 340 
801 1 |a RU  |b 63413507  |c 20171215 
801 2 |a RU  |b 63413507  |c 20201029  |g RCR 
942 |c BK